PHARMACEUTICAL BIOSTATISTICS (Record no. 23853)

MARC details
000 -LEADER
fixed length control field 00371nam a22001577a 4500
003 - CONTROL NUMBER IDENTIFIER
control field SGT
020 ## - INTERNATIONAL STANDARD BOOK NUMBER
International Standard Book Number 9788190461481
082 ## - DEWEY DECIMAL CLASSIFICATION NUMBER
Classification number 615.4
Item number P13M
100 ## - MAIN ENTRY--PERSONAL NAME
Personal name SUNIL KUMAR MITTAL
245 ## - TITLE STATEMENT
Title PHARMACEUTICAL BIOSTATISTICS
260 ## - PUBLICATION, DISTRIBUTION, ETC. (IMPRINT)
Place of publication, distribution, etc U. P.
Name of publisher, distributor, etc UNNATI PUB
Year of Publication 2013
300 ## - PAGE DESCRIPTION
No. of Pages 28.18
650 ## - SUBJECT ADDED ENTRY--TOPICAL TERM
Topical term or geographic name as entry element BIOSTATISTICS PHARMACEUTICAL
653 ## - KEYWORDS--INDEX TERM
Keyword term BIOSTATISTICS
942 ## - ADDED ENTRY ELEMENTS (KOHA)
Source of classification or shelving scheme Dewey Decimal Classification
Koha item type Books
Holdings
Withdrawn status Lost status Source of classification or shelving scheme Damaged status Use restrictions Not for loan Collection code Home library Current library Shelving location Date acquired Vendor Name Cost, normal purchase price SGTU Full call number Accession No. (Barcode) Date last seen Bill Date Koha item type
    Dewey Decimal Classification   Restricted Access   PHARMACY SGT FA-FP Library SGT FA-FP Library Text Book 01/04/2023 GIFTED 297.00 SGTU 615.4 P13M FP4620G 01/04/2023 01/04/2023 Gifted Books